Представление документа в формате RUSMARC

ПолеНазваниеЗначение
  Тип записи a
  Библиографический уровень m
001 Контрольный номер 8616d091046f4647932642867bebd617
005 Дата корректировки 20181128093629.8
010 Индекс ISBN __
a ISBN 978-5-00140-030-1
d Цена б/ц
101 Язык документа 0_
a Язык текста rus
102 Страна публикации __
a Страна публикации RU
200 Заглавие и сведения об ответственности 1_
f Первые сведения об ответственности Т.С. Волкова, Н.Г. Гаманюк
b Общее обозначение материала Текст
a Заглавие Учебно-методическое пособие по преддипломной практике для специальности 38.03.01 Экономика
210 Выходные данные 1_
a Место издания Саратов
c Издательство Амирит
d Дата издания 2018
215 Физическое описание __
a Объем 20 с.
610 Ключевые слова 0_
a Ключевые слова бакалавриат
a Ключевые слова учебно-методическое пособие
a Ключевые слова экономика
a Ключевые слова преддипломная практика
686 Индексы других классификаций __
a Классификационный индекс 65.01
a Классификационный индекс 74.58
700 Автор _1
b Имя Т.С.
a Фамилия Волкова
700 Автор _1
a Фамилия Гаманюк
b Имя Н.Г.
801 Источник записи _0
a Страна RU
b Организация РУК
g Правила каталогизации PSBO
801 Источник записи _1
a Страна RU
b Организация РУК
g Правила каталогизации PSBO
852 Данные о местонахождении __
i Авторский знак В 67
j Шифр хранения ББК 65.01+74.58
901 Тип документа __
t Тип документа m
937 Технологическая информация __
a Создатель записи (имя) Михно
938 Служебная информация __
a Название организации Поволжский филиал
952 Тип литературы __
c Вид литературы учебно-методическое издание